El logos de la vida: un diálogo filosófico acerca de la Biología molecular

Đã lưu trong:
Chi tiết về thư mục
Những tác giả chính: Grimaldi, Mirta Elena (Tác giả), Stchigel, Daniel Omar (Tác giả)
Định dạng: Sách
Ngôn ngữ:Tiếng Tây Ban Nha
Được phát hành: Buenos Aires El Aleph 2011
Phiên bản:2a. ed
Những chủ đề:
Các nhãn: Thêm thẻ
Không có thẻ, Là người đầu tiên thẻ bản ghi này!

MARC

LEADER 00000cam a2200000 a 4500
001 UCB0084
003 CL-VaPUC
005 20211215103511.0
008 191206e20110000ag spa d
020 |a 9789871701322 
082 0 4 |a 190  |b GRI  |2 21 
100 1 |a Grimaldi, Mirta Elena  |e author  |9 605379 
700 1 |a Stchigel, Daniel Omar  |e author  |9 605380 
245 1 3 |a El logos de la vida: un diálogo filosófico acerca de la Biología molecular 
250 |a 2a. ed 
260 |a Buenos Aires  |b El Aleph  |c 2011 
300 |a 402 p 
583 |a last modification  |c 20191206 10:52:00  |k Rodrigo Vera 
650 0 0 |a Filosofía contemporánea  |9 265372 
650 0 0 |a Ensayos filosóficos  |9 318909 
942 |c BK 
945 |a dcastane  |d 20191206 10:52:00 
999 |c 376309  |d 376307 
952 |0 0  |1 0  |3 erb  |4 0  |6 190_000000000000000_GRI_2011  |7 0  |8 A  |9 495682  |a BIBTEO  |b BIBTEO  |i 5607795  |o 190 GRI 2011  |p 5607795  |r 2025-01-17  |w 2020-01-06  |y BK  |z Catalogado en:20191206  |k ICR